书目信息 |
| 题名: |
有机化合物光谱鉴定
|
|
| 作者: | 西尔弗斯坦 著 ;姚海文 译 | |
| 分册: | ||
| 出版信息: | 北京 科学出版社 1982 |
|
| 页数: | 288页 | |
| 开本: | 26cm | |
| 丛书名: | ||
| 单 册: | ||
| 中图分类: | O621.15 | |
| 科图分类: | ||
| 主题词: | 光谱分析-有机化合物 , 有机化合物-光谱分析 | |
| 电子资源: | ||
| ISBN: | ||
| 000 | 00950nam0 2200253 45 | |
| 001 | 0188015925 | |
| 005 | 20060815085757.95 | |
| 010 | @dCNY3.40 | |
| 020 | @aCN@b88015925 | |
| 100 | @a19910417d1982 km y0chiy0120 ea | |
| 101 | 1 | @achi@ceng |
| 102 | @aCN@b110000 | |
| 105 | @ay z 000yy | |
| 200 | 10 | @a有机化合物光谱鉴定@Ayou ji hua he wu guang pu jian ding@f(美)R·M·西尔弗斯坦等著@F(mei)R·M·xi er fu si tan deng zhu@g姚海文等译@Gyao hai wen deng yi |
| 210 | @a北京@c科学出版社@d1982 | |
| 215 | @a288页@d26cm | |
| 330 | @a本书简要地叙述了质谱法、红外光谱法、H和13C核磁共振波谱法和紫外光谱法等的基本原理,详细介绍了它们在有机化合物结构鉴定上的应用,并通过实例讲解了利用上述各种光谱方法鉴定有机化合物的结构。 | |
| 606 | @a光谱分析-有机化合物 | |
| 606 | @a有机化合物-光谱分析 | |
| 690 | @aO621.15@v3 | |
| 701 | 0 | @a西尔弗斯坦@Axi er fu si tan@4著 |
| 702 | 0 | @a姚海文@Ayao hai wen@4译 |
| 801 | 0 | @aCN@bNLC@c20060815 |
| 905 | @dO621.15@e43 | |
| 有机化合物光谱鉴定/(美)R·M·西尔弗斯坦等著/姚海文等译.-北京:科学出版社,1982 |
| 288页;26cm |
| ISBN :CNY3.40 |
| 本书简要地叙述了质谱法、红外光谱法、H和13C核磁共振波谱法和紫外光谱法等的基本原理,详细介绍了它们在有机化合物结构鉴定上的应用,并通过实例讲解了利用上述各种光谱方法鉴定有机化合物的结构。 |
| ● |
| 相关链接 |
|
|
|
|
正题名:有机化合物光谱鉴定
索取号:O621.15/43
 
预约/预借
| 序号 | 登录号 | 条形码 | 馆藏地/架位号 | 状态 | 备注 |
| 1 | 0443143 | 204431436 | 密集书库/ [索取号:O621.15/43] | 在馆 | |
| 2 | 0443144 | 204431445 | 密集书库/ [索取号:O621.15/43] | 在馆 | |
| 3 | 0461433 | 204614337 | 密集书库/ [索取号:O621.15/43] | 在馆 | |
| 4 | 0461434 | 204614346 | 密集书库/ [索取号:O621.15/43] | 在馆 |